Women and hospitality industry: (Record no. 143370)

MARC details
000 -LEADER
fixed length control field 00640nam a22001937a 4500
005 - DATE AND TIME OF LATEST TRANSACTION
control field 20170814165704.0
010 ## - LCCN (DPL NO)
LC control number ENG-119803
020 ## - INTERNATIONAL STANDARD BOOK NUMBER
Terms of availability 595.00
International Standard Book Number 9788171921409
035 ## - SYSTEM CONTROL NUMBER
System control number EN-103335
037 ## - SOURCE OF ACQUISITION
Source of stock number/acquisition DBAD/PUB
082 ## - DEWEY DECIMAL CLASSIFICATION NUMBER
Classification number 331.40942
100 ## - MAIN ENTRY--PERSONAL NAME
Personal name Gajbhiya,Charuta
245 ## - TITLE STATEMENT
Title Women and hospitality industry:
Statement of responsibility, etc by Charuta Gajbhiya,
Remainder of title study on human resource practices /
260 ## - PUBLICATION, DISTRIBUTION, ETC. (IMPRINT)
Place of publication, distribution, etc Nagpur
Name of publisher, distributor, etc Dattsons
Date of publication, distribution, etc 2017
270 ## - ADDRESS
Address Jawaharlal Nehru Marg, Sadar,
City Nagpur
Postal code 440001
300 ## - PHYSICAL DESCRIPTION
Extent xiv,113p. :
Other physical details 22cm(Hb)
Dimensions ill.
500 ## - GENERAL NOTE
General note Includes bibliographical references and index
942 ## - ADDED ENTRY ELEMENTS (KOHA)
Source of classification or shelving scheme Dewey Decimal Classification
Item type English Books
Call number suffix GAJ
Classification part 331.40942
Holdings
Withdrawn status Lost status Not for loan Collection code Home library Current library Date acquired Source of acquisition Cost, normal purchase price Full call number Barcode Copy number Cost, replacement price Koha item type
      Non-fiction Narela Narela 14/08/2017 DBAD/PUB 595.00 331.40942 GAJ EN-103335 1 595.00 English Books

© Delhi Public Library
Hit Counter
free hit counter